000 00473nam a2200157 4500
001 113810
003 ES-MaACL
005 20230906190018.0
007 t|
008 061121s1945 ag r ||||1| spa d
100 1 _aPadilla, Tiburcio.
_988183
245 1 0 _aLo que deben saber el hipertenso, el reumático y el cardiaco /
_cTiburcio Padilla.
260 _aBuenos Aires :
_bEl Ateneo,
_c1945.
300 _a259 p. :
_bil ;
_c20 cm.
852 _aES-MaACL
_jB-10399
_bR.22262
999 _c113810
_d113810